عرض عادي
عرض مارك
- الحريري، محمد سرور.
مدخل إسم شخص
عدد التسجيلات المستخدمة في: 12
001 - رقم الضبط
- حقل الضبط: 12387
003 - معرف رقم الضبط
- حقل الضبط: OSt
005 - تاريخ ووقت أخر عملية
- حقل الضبط: 20120506110933.0
008 - عناصر بيانات ثابتة الطول
- حقل تحكم ثابت الطول: 120506|||a|||||| | ||| d
040 ## - مصدر الفهرسة
- هيئة الفهرسة الأصلية: OSt
- وكالة الكتابة: OSt
100 ## - مدخل -- أسم شخص
- إسم شخص: الحريري، محمد سرور.
670 ## - بيانات المصدر موجوده
- الاستشهاد بالمصدر: Work cat.: (OSt): الحريري، محمد سرور., إدارة الأعمال الدولية :, 2012.
